Normal view
MARC view
- YAN, YEONG-BIN AND SHYH-RONG KUO
Entry Personal Name
001 - CONTROL NUMBER
- control field: 43034
003 - CONTROL NUMBER IDENTIFIER
- control field: NUST
005 - DATE AND TIME OF LATEST TRANSACTION
- control field: 20210314132512.0
008 - FIXED-LENGTH DATA ELEMENTS
- fixed length control field: 210314|| aca||aabn | a|a d
040 ## - CATALOGING SOURCE
- Original cataloging agency: NUST
- Transcribing agency: NUST
100 ## - HEADING--PERSONAL NAME
- Personal name: YAN, YEONG-BIN AND SHYH-RONG KUO
670 ## - SOURCE DATA FOUND
- Source citation: Work cat.: (NUST): YAN, YEONG-BIN AND SHYH-RONG KUO, THEORY AND ANALYSIS OF NONLINEAR FRAMED STRUCTURES, 1994
